000 00399nam a2200169Ia 4500
001 23018
003 IN-NITTTR
005 20251114233259.0
008 251113s9999||||xx |||||||||||||| ||eng||
040 _beng
040 _cIN-NITTTR
041 _aeng
082 _a658.562 C67T
100 _aCollard, Ron
245 0 _aTotal quality :
_b success through people /
_cCollard, Ron
942 _2ddc
_cBK
999 _c25647
_d25647